MESTSKÁ KNIŽNICA GIRALTOVCE  - online katalóg 

Základy psychologie (Record no. 23970)

000 -NÁVESTIE
fixed length control field 00611nam a2200205 a 4500
001 - EVIDENČNÉ ČÍSLO ZÁZNAMU - Kontrolné číslo
control field vtls001381251
005 - DÁTUM A ČAS POSLEDNEJ TRANSAKCIE
control field 20251024080719.0
008 - ÚDAJE S PEVNOU DĹŽKOU – VŠEOBECNÉ INFORMÁCIE
fixed length control field 240313s1998 xr a r 0 cze c
020 ## - MEDZINÁRODNÉ ŠTANDARDNÉ ČÍSLO KNIHY (ISBN)
Medzinárodné štandardné číslo knihy (ISBN) 8020006893
Údaje o dostupnosti 403,00
035 ## - Iný štandardný identifikátor
Iný štandardný identifikátor SNK000335259
040 ## - ZDROJ KATALOGIZÁCIE
Pôvodná katalogizujúca agentúra SNK
Jazyk katalogizácie slo
Prepisujúca agentúra SNK
Konvencie popisu AACR2
044 ## - KÓD KRAJINY VYDAVATEĽA/PRODUCENTA
Kód krajiny MARC xr
Kód krajiny ISO CZ
080 ## - ČÍSLO MEDZINÁRODNÉHO DESATINNÉHO TRIEDENIA (MDT)
Číslo Medzinárodného desatinného triedenia (MDT) 159.9
Identifikátor vydania 1. stred. slo
100 1# - OSOBNÉ MENÁ – VŠEOBECNÉ INFORMÁCIE
Osobné meno Nakonečný, Milan,
Dátumy súvisiace s menom 1932-
Kód roly aut
-- 5082
245 1# - NÁZOV
Názov Základy psychologie
Údaj o zodpovednosti atď. Milan Nakonečný
260 ## - VYDAVATEĽSKÉ ÚDAJE, DISTRIBÚCIA ATĎ.
Miesto publikovania, distribúcie atď. Praha
Názov vydavateľa, distibútora atď. Academia
Dátum publikovania, distribúcie atď. 1998
300 ## - FYZICKÝ POPIS
Rozsah 590 s.
Rozmery 24 cm
650 07 - PRIDANÝ VSTUP – PREDMET – TEMATICKÉ HESLO
Tematické heslo alebo geografický názov ako vstupný prvok psychológia
Všeobecný pododdiel príručky
Zdroj hesla alebo termínu SNK
-- 5083
Holdings
Stav stiahnutia (Blokovanie) (Withrawn status) Stav straty Zdroj klasifikácie pre skladovanie Stav poškodenia (Damaged status) Nie pre výpožičky (Not for loan) Spôsob nadobudnutia (Collection code) Trvalé umiestnenie Aktuálne umiestnenie Dátum nadobudnutia Inventárne číslo (prírastkové číslo) Full call number Čiarový kód Dátum posledného výskytu Cena s účinnosťou od Typ jednotky Koha
          Dar Mestská knižnica Giraltovce Mestská knižnica Giraltovce 2025-10-24 22326 S1598 S1598 2025-10-24 2025-10-24 Odborná literatúra pre dospelých

Powered by Koha